Olivia Rodrigo's GUTS TOUR SETLIST - Statistics

General Stats
  • This quiz has been taken 9 times
  • The average score is 20 of 22
Answer Stats
Hint Answer % Correct
#20 all-american bitch
100%
#1 bad idea right?
100%
#2 ballad of a homeschooled girl
100%
#11 enough for you
100%
#22 get him back!
100%
#21 good 4 u
100%
#10 logical
100%
#9 making the bed
100%
#4 traitor
100%
#3 vampire
100%
#18 brutal
86%
#16 deja vu
86%
#5 drivers license
86%
#14 happier
86%
#12 lacy
86%
#8 love is embarrassing
86%
#19 obsessed
86%
#7 pretty isn't pretty
86%
#17 the grudge
86%
#15 favorite crime
71%
#6 teenage dream
71%
#13 jealousy, jealousy
57%
No matching quizzes found
Score Distribution
Percent of People with Each Score
Percentile by Number Answered
Your Score History
You have not taken this quiz